GREAT MISADVENTURES (Record no. 59754)
[ view plain ]
| 000 -LEADER | |
|---|---|
| fixed length control field | 00309nam a22001457a 4500 |
| 008 - FIXED-LENGTH DATA ELEMENTS--GENERAL INFORMATION | |
| fixed length control field | 230517b ||||| |||| 00| 0 eng d |
| 020 ## - INTERNATIONAL STANDARD BOOK NUMBER | |
| International Standard Book Number | 9780787627997 |
| 041 ## - LANGUAGE CODE | |
| Language code of text/sound track or separate title | eng |
| 080 ## - UNIVERSAL DECIMAL CLASSIFICATION NUMBER | |
| Universal Decimal Classification number | 030 |
| 082 ## - DEWEY DECIMAL CLASSIFICATION NUMBER | |
| Classification number | 030SAA |
| 100 ## - Rafti | |
| Rafti | 44 |
| 101 ## - Shkurtesa | |
| Shkurtesa | SS |
| 245 ## - TITLE STATEMENT | |
| Title | GREAT MISADVENTURES |
| Statement of responsibility, etc | SAARI.P |
| 942 ## - ADDED ENTRY ELEMENTS (KOHA) | |
| Source of classification or shelving scheme | |
| Item type | Books |
| Withdrawn status | Lost status | Source of classification or shelving scheme | Damaged status | Not for loan | Collection code | Permanent location | Current location | Date acquired | Total Checkouts | Full call number | Barcode | Date last seen | Price effective from | Koha item type |
|---|---|---|---|---|---|---|---|---|---|---|---|---|---|---|
| Koleksioni i përgjithshem | UBT - Lipjan | UBT - Lipjan | 05/17/2023 | 030SAA | 002-800080268 | 05/17/2023 | 05/17/2023 | Books | ||||||
| Koleksioni i përgjithshem | UBT - Lipjan | UBT - Lipjan | 05/17/2023 | 030SAA | 002-800080269 | 05/17/2023 | 05/17/2023 | Books | ||||||
| Koleksioni i përgjithshem | UBT - Lipjan | UBT - Lipjan | 05/17/2023 | 030SAA | 002-800080270 | 05/17/2023 | 05/17/2023 | Books | ||||||
| Koleksioni i përgjithshem | UBT - Lipjan | UBT - Lipjan | 05/17/2023 | 030SAA | 002-800080271 | 05/17/2023 | 05/17/2023 | Books |